| 000 | 00553nam a22001937a 4500 | ||
|---|---|---|---|
| 999 |
_c525608 _d525608 |
||
| 003 | NUST | ||
| 005 | 20190703071837.0 | ||
| 008 | 190703b ||||| |||| 00| 0 eng d | ||
| 038 | _aMr. Zahoor | ||
| 082 | _a510 | ||
| 100 |
_aWaheed, Khansa _916521 |
||
| 245 |
_aMulti- valued fixed point theorems in b-mertic space / _cKhansa Waheed |
||
| 260 |
_aIslamabad : _bSNS - NUST, _c2018. |
||
| 300 |
_a43 p. : ill. ; _c30cm. |
||
| 500 | _aHardcover. | ||
| 650 |
_aMathematics - Ms Thesis _916139 |
||
| 700 |
_aDr. Quanita Kiran _916522 |
||
| 942 |
_2ddc _cTHE |
||